000 00559nam a2200193 i 4500
001 87543
003 ES-MaACL
007 t|
008 041222s1974 sp ||||1| spa d
100 1 _aKuczinski, Juergen.
_968952
245 1 0 _aBreve historia de la Economía /
_cJürger Kuczinski.
250 _a[3ª ed.].
260 _a[Madrid] :
_bMiguel Castellote,
_c[1974]
300 _a231 p. ;
_c17 cm.
490 1 _aColección básica ;
_v15
830 0 _aColección básica ;
_v15
_9181955
852 _aES-MaACL
_jE-7186
_bR.91437
999 _c87543
_d87543